TORTARA 'S PRINCIPLES OF ANATOMY & PHYSIOLOGY (Record no. 8152)

MARC details
000 -LEADER
fixed length control field 00462nam a22001697a 4500
005 - DATE AND TIME OF LATEST TRANSACTION
control field 20230119101253.0
008 - FIXED-LENGTH DATA ELEMENTS--GENERAL INFORMATION
fixed length control field 221220b |||||||| |||| 00| 0 eng d
020 ## - INTERNATIONAL STANDARD BOOK NUMBER
ISBN 978-81265-6761-4
041 ## - LANGUAGE CODE
Language code of text/sound track or separate title eng
082 ## - DEWEY DECIMAL CLASSIFICATION NUMBER
Classification number 612 TOR -T
100 ## - MAIN ENTRY--AUTHOR NAME
Personal name TORTORA , GERARD J. AND DERRICKSON , BRYAN
245 ## - TITLE STATEMENT
Title TORTARA 'S PRINCIPLES OF ANATOMY & PHYSIOLOGY
260 ## - PUBLICATION, DISTRIBUTION, ETC. (IMPRINT)
Name of publisher WILLY
300 ## - PHYSICAL DESCRIPTION
Number of Pages 989;P
650 ## - SUBJECT ADDED ENTRY--TOPICAL TERM
Topical Term PHARMACY
General subdivision B.PARMA & D.PHARMA
942 ## - ADDED ENTRY ELEMENTS (KOHA)
Koha item type Books
Holdings
Lost status Damaged status Collection code Home library Current library Shelving location Date acquired Source of acquisition Cost, normal purchase price Full call number Accession Number Koha item type
    PHARMACY JRU Library JRU Library Shelf - 23- G 17/11/2022 LOHIA BOOK INTERNATIONAL 3495.00 612-TOR -T 27168 Books